000
00306nam a22001337a 4500
008
171005b xxu||||| |||| 00| 0 eng d
020
_a
9780262134088
041
_a
eng
080
_a
159.9
100
_a
49
101
_a
PSI
245
_a
SELF-TRUST AND REPRODUCTIVE AUTONOMY
_c
LEOD,C.M
942
_2
udc
_c
BK
999
_c
31997
_d
31997